00788nam a22002177a 4500008004100000020001500041040001800056041000800074100004400082245012200126260003900248300001800287490005200305504003200357650002400389650001600413650002200429650001500451700003900466765006500505130821s2001 sp gr spa  a8420637106 aCo-BoUCMbspa00aspa1 aNietzsche, Friedrich Wilhelmd1844-190013aEl nacimiento de la tragedia o Grecia y el pesimismocFriedrich Nietzsche; traducción de Andrés Sánchez Pascual aMadrid (España)bAlianzac[2001] a278 páginas aBiblioteca de autorpEl libro de bolsillon0616 aNotas al pié de página.04aFilosofía alemana04aFilosofía04aLiteratura griega04aLiteratura1 aSánchez Pascual, Andrésetrad. tDie Geburt der tragödie, Oder: Griechentum und pessimismus